00464 a2200169 450000100060000002000180000604000240002410000180004824000280006624500230009430000090011736200090012665000310013594200070016695201040017399900170027747498 a9788570730046 cAnchieta - Aquarius aBorba, Marcos10aBonezinho vermelholpor10aBonezinho vermelho a40p.0 a2018 4aLiteratura infanto-juvenil cBK 00104070a87.1b87.1d2023-11-21l0o028.5 BOR BONp6225/AQUr2023-11-21 15:14:22w2023-11-21yBK c47498d47498